| 000 | 00933nas a2200289 4500 | ||
|---|---|---|---|
| 001 | BR2015004523 | ||
| 003 | BR-BrBNA | ||
| 005 | 20231205125615.0 | ||
| 007 | ta | ||
| 008 | 230509b bl.|||p| |||| 00| 00por d | ||
| 040 |
_aBR-BrBNA _bpor _cBiblioteca Nacional de Agricultura |
||
| 041 | _a(Pt) | ||
| 072 | _aF30 | ||
| 100 | 1 | _aReis, M.V.M. | |
| 100 | 1 | _aDamasceno Junior, P.C. | |
| 100 | 1 | _aCampos, T. de O. | |
| 100 | 1 | _aDiegues, I.P. | |
| 100 | 1 | _aFreitas, S.C. de | |
| 245 | 1 | _aVariabilidade genética e associação entre caracteres em germoplasma de pinhão-manso (Jatropha curcas L.) | |
| 650 | _aPINHÃO DE PURGA | ||
| 650 | _aMELHORAMENTO GENÉTICO VEGETAL | ||
| 650 | _aRECURSO GENÉTICO | ||
| 650 | _aGERMOPLASMA | ||
| 773 | 0 |
_tRevista Ciência Agronômica (Brazil) _xISSN 0045-6888 _g(Apr-Jun 2015), v. 46(2) p. 412-420 _wBR2015004523 |
|
| 909 |
_a202311 _bLúcia _c55 _dLúcia Elande |
||
| 942 |
_2AGRIS _n0 _cANA |
||
| 999 |
_c245163 _d245163 |
||